Every QB Drafted in the 2020's - Statistics

General Stats
  • This quiz has been taken 90 times
    49 since last reset
  • The average score is 39 of 71
Answer Stats
% Correct
1.5 MIA Tua Tagovailoa
96%
1.1 CIN Joe Burrow
93%
1.11 CHI Justin Fields
93%
1.6 LAC Justin Herbert
93%
1.15 NWE Mac Jones
93%
1.1 JAX Trevor Lawrence
93%
1.1 CHI Caleb Williams
89%
1.1 TEN Cam Ward
89%
2.53 PHI Jalen Hurts
89%
1.26 GNB Jordan Love
89%
1.2 NYJ Zach Wilson
89%
1.1 CAR Bryce Young
85%
1.2 HOU CJ Stroud
85%
1.8 ATL Michael Penix
85%
1.12 DEN Bo Nix
81%
1.3 NWE Drake Maye
81%
1.25 NYG Jaxson Dart
81%
1.2 WAS Jayden Daniels
81%
1.20 PIT Kenny Pickett
81%
5.144 CLE Shedeur Sanders
81%
1.3 SFO Trey Lance
81%
7.262 SFO Brock Purdy
78%
3.74 ATL Desmond Ridder
78%
1.10 MIN JJ McCarthy
78%
3.86 TEN Malik Willis
78%
1.4 IND Anthony Richardson
74%
3.94 CLE Dillon Gabriel
74%
2.40 NOR Tyler Shough
74%
2.33 TEN Will Levis
74%
3.67 HOU Davis Mills
67%
3.92 SEA Jalen Milroe
67%
2.64 TAM Kyle Trask
63%
4.135 LVR Aidan O'Connell
59%
7.231 MIA Quinn Ewers
59%
5.144 WAS Sam Howell
59%
5.150 NOR Spencer Rattler
59%
6.185 PIT Will Howard
59%
4.137 NWE Bailey Zappe
56%
6.189 IND Riley Leonard
56%
4.128 LAR Stetson Bennett
56%
3.68 DET Hendon Hooker
52%
6.218 IND Sam Ehlinger
48%
5.140 CLE Dorian Thompson-Robinson
44%
6.181 PHI Kyle McCord
44%
6.188 PHI Tanner McKee
44%
4.133 NOR Ian Book
41%
4.127 NOR Jake Haener
41%
7.247 MIA Skylar Thompson
41%
5.139 ARI Clayton Tune
37%
3.94 CAR Matt Corral
37%
6.193 NWE Joe Milton
33%
6.197 HOU Graham Mertz
30%
3.66 MIN Kellen Mond
30%
7.231 DAL Ben DiNucci
26%
6.215 LVR Cam Miller
26%
6.189 JAX Jake Luton
26%
7.239 LAC Max Duggan
26%
5.164 MIN Jaren Hall
22%
5.171 NYJ Jordan Travis
22%
7.227 SFO Kurtis Rourke
22%
7.241 PIT Chris Oladokun
19%
5.167 BUF Jake Fromm
15%
5.149 GNB Sean Clifford
15%
6.218 BAL Devin Leary
11%
4.125 NYJ James Morgan
11%
7.245 GNB Michael Pratt
11%
6.213 LVR Tommy Mellott
11%
4.122 IND Jacob Eason
7%
7.224 TEN Cole McDonald
4%
7.244 MIN Nate Stanley
4%
7.240 NOR Tommy Stevens
4%
No matching quizzes found
Score Distribution
Percent of People with Each Score
Percentile by Number Answered
Your Score History
You have not taken this quiz since the last reset